عرض عادي
عرض مارك
- Automatic speech recognition.
مدخل مصطلح موضوعي
001 - رقم الضبط
- حقل الضبط: 36684
003 - معرف رقم الضبط
- حقل الضبط: OSt
005 - تاريخ ووقت أخر عملية
- حقل الضبط: 20130821074749.0
008 - عناصر بيانات ثابتة الطول
- حقل تحكم ثابت الطول: 130821|||a|||||| | ||| d
040 ## - مصدر الفهرسة
- هيئة الفهرسة الأصلية: OSt
- وكالة الكتابة: OSt
150 ## - مدخل-- مصطلح تاريخي
- عنصر مدخل المصطلح الموضوعي او الاسم الجغرافي: Automatic speech recognition.
670 ## - بيانات المصدر موجوده
- الاستشهاد بالمصدر: Work cat.: (OSt)30461: Jurafsky, Dan, 1962- 36683, Speech and language processing :, c2009.
